Ricostruisci la Carriera del Calciatore - Danny Welbeck - Statistics

Statistiche generali
  • Questo quiz è stato fatto 3 volte
  • Il punteggio medio è 2 su 7
Statistiche sulle risposte
Hint Risposta % Corretto
2020- Brighton
67%
2010-2011 Sunderland
67%
2008-2010 Manchester Utd
33%
2011-2014 Manchester Utd
33%
2014-2019 Arsenal
0%
2010 Preston N.E.
0%
2019-2020 Watford
0%
Nessun quiz corrispondente trovato
Distribuzione punteggi
Percentuale di utenti per punteggio
Percentile per numero di risposta
I tuoi punteggi nel tempo
Non hai fatto questo quiz